000 01453nam a2200229Ia 4500
001 15774
003 GE_BSU
008 181216s||||||||xx |||||||||||||| ||und||
040 _cGE_BSU
080 _a821.353.1
100 _aჭავჭავაძე, ი. (ილია, 1837-1907)
245 _aნაწერების სრული კრებული : 9 ტომად ტ. 9
245 _bპრესა. პოლემიკა. ფელეტონები.ქართული წიგნი, 1928
245 _cშედარებული პირველ წყაროებთან და შევს. ახალი ტექსტებით პავლე ინგოროყვას და ალ. აბაშელის რედაქციით.
260 _aტფილისი
260 _c1928
300 _a404 გვ.19 სმ.
300 _eდანართი: "თავის გამართლებაც ასეთი უნდა"! (პასუხად თ-დ. ილია ჭავჭავაძეს)"-ფ. მახარაძე. - ილიას ნაწარმოებთა ტექსტი და ქრონოლოგია-პ. ინგოროყვა.
653 _aნაწერების სრული კრებული
653 _aპრესა. პოლემიკა. ფელეტონები
942 _cBK
999 _c48872
_d48872